| 000 | 00374nam a2200121 4500 | ||
|---|---|---|---|
| 999 |
_c13535 _d13535 |
||
| 008 | 190328b ||||| |||| 00| 0 eng d | ||
| 100 |
_937808 _aGacula, Kuhlin Ceslie |
||
| 245 |
_aSolon wants march 28 declared Duterte day/ _cKuhlin Ceslie Gacula |
||
| 260 |
_aPhilippines _bThe Philippine Star _cc2017 |
||
| 300 | _apage A13. | ||
| 650 | 0 |
_937809 _aHolidays. |
|
| 942 |
_2ddc _cPER |
||